Doctor Who Actors - Sudden Death - Statistics

General Stats
  • This quiz has been taken 128 times
  • The average score is 6 of 16
Answers on the Grid
Answers color-coded by a green-red scale on the quiz's grid according to % correct below.
Alec Guinness
Benedict Cumberbatch
Boris Karloff
Brian Cox
Christopher Lee
Colin Firth
Daniel Kaluuya
David Tennant
Dinah Sheridan
Edna Doré
John Challis
John Cleese
John Hurt
Laurence Olivier
Leslie Dwyer
Mark Eden
Michael Gough
Nicholas Parsons
Olly Alexander
Peter Sallis
Peter Sellers
Richard Burton
Robert Beatty
Tom Baker
 
Answer Stats
Answer % Correct
The Tenth Doctor (2005–2010) David Tennant
100%
The Fourth Doctor (1974–1981) Tom Baker
84%
The War Doctor (2013) John Hurt
76%
Barclay, Planet of the Dead (2009) Daniel Kaluuya
36%
Art Critic, City of Death (1979) John Cleese
36%
Elder Ood, The End of Time (2009–2010) Brian Cox
28%
The Toymaker, The Celestial Toymaker (1966) Michael Gough
28%
Penley, The Ice Warriors (1967) Peter Sallis
28%
Marco Polo, Marco Polo (1964) Mark Eden
24%
Reverend Wainwright, The Curse of Fenric (1989) Nicholas Parsons
24%
Maeve, Fear Her (2006) Edna Doré
20%
Scorby, The Seeds of Doom (1976) John Challis
20%
General Cutler, The Tenth Planet (1966) Robert Beatty
20%
Vorg, Carnival of Monsters (1973) Leslie Dwyer
16%
Frankenstein's Monster, Doctor Who (1996) Boris Karloff
8%
Chancellor Flavia, The Five Doctors (1983) Dinah Sheridan
4%
No matching quizzes found
Score Distribution
Percent of People with Each Score
Percentile by Number Answered
Your Score History
You have not taken this quiz